[Event "Wch U18 Girls"]
[Site "Maribor"]
[Date "2012.11.09"]
[Round "2.29"]
[White "Bengtsson, Jessica"]
[Black "Misiuk, Ivona"]
[Result "1/2-1/2"]
[WhiteElo "1908"]
[BlackElo "1685"]
[PlyCount "75"]
[EventDate "2012.11.08"]
[EventType "swiss"]
[EventRounds "11"]
[EventCountry "SLO"]
[SourceTitle "EXT 2013"]
[Source "ChessBase"]
[SourceDate "2012.11.22"]
[SourceVersion "1"]
[SourceVersionDate "2012.11.22"]
[SourceQuality "1"]

1. e4 c5 2. c3 d5 3. exd5 Qxd5 4. d4 Nc6 5. Nf3 cxd4 6. cxd4 e5 7. dxe5 Qxd1+ 8. Kxd1 Bg4 9. Be2 0-0-0+ 10. Nbd2 Bxf3 11. Bxf3 Nxe5 12. Ke2 Bd6 13. Re1 Nf6 14. Ne4 Nxf3 15. Nxd6+ Rxd6 16. Kxf3 Rhd8 17. Bf4 Rd3+ 18. Ke2 R8d7 19. Rac1+ Kd8 20. Bc7+ Ke8 21. Ba5 b6 22. Bb4 R3d4 23. Kf3+ Kd8 24. Bc3 R4d6 25. g3 g6 26. Kg2 Nd5 27. Bd2 Re7 28. Rxe7 Kxe7 29. Kf3 Kd7 30. Rc4 a6 31. h3 h5 32. Ke2 Ke6 33. Ra4 b5 34. Re4+ Kd7 35. Rd4 Ke6 36. Re4+ Kd7 37. Rd4 Ke6 38. Re4+ 1/2-1/2

[Event "Baltija Cup"]
[Site "Palanga"]
[Date "2012.06.19"]
[Round "1"]
[White "Misiuk, Ivona"]
[Black "Juknis, Paulius"]
[Result "0-1"]
[WhiteElo "1683"]
[BlackElo "2156"]
[PlyCount "62"]
[EventDate "2012.06.19"]
[EventType "swiss"]
[EventRounds "8"]
[EventCountry "LTU"]
[SourceTitle "CBM 149 Extra"]
[Source "ChessBase"]
[SourceDate "2012.08.24"]
[SourceVersion "1"]
[SourceVersionDate "2012.08.24"]
[SourceQuality "1"]

1. d4 Nf6 2. e3 g6 3. Bd3 Bg7 4. f4 d6 5. Nf3 0-0 6. 0-0 Nbd7 7. Nbd2 e5 8. fxe5 dxe5 9. h3 Qe7 10. dxe5 Nxe5 11. Nxe5 Qxe5 12. Nf3 Qe7 13. Qe1 Ne4 14. Rb1 b6 15. Nd2 Nc5 16. Bc4 Bb7 17. Qe2 Rae8 18. Nf3 Ne4 19. Qe1 Qc5 20. Bd3 Qd5 21. Bxe4 Qxe4 22. Qe2 Qa4 23. Rd1 Qxa2 24. Bd2 Bxb2 25. Be1 Bg7 26. Bg3 Re7 27. Bh4 Re4 28. Bf2 Rfe8 29. Ng5 R4e7 30. Qd3 Qa5 31. Nf3 Qh5 0-1

[Event "Baltija Cup op-A"]
[Site "Palanga"]
[Date "2011.06.19"]
[Round "1"]
[White "Vaicekauskas, Gytis"]
[Black "Misiuk, Ivona"]
[Result "1-0"]
[WhiteElo "2064"]
[BlackElo "1644"]
[PlyCount "71"]
[EventDate "2011.06.19"]
[EventType "swiss"]
[EventRounds "8"]
[EventCountry "LTU"]
[SourceTitle "EXT 2012"]
[Source "ChessBase"]
[SourceDate "2011.11.24"]
[SourceVersion "1"]
[SourceVersionDate "2011.11.24"]
[SourceQuality "1"]

1. e4 c5 2. Nf3 e6 3. c3 d5 4. exd5 exd5 5. d4 Nf6 6. Bd3 Bg4 7. 0-0 Nc6 8. Re1+ Be7 9. dxc5 0-0 10. Be3 Rc8 11. Bd4 a5 12. Bb5 Na7 13. Be2 Bxc5 14. Nbd2 Bxd4 15. Nxd4 Bxe2 16. Rxe2 Qb6 17. Qb3 Qxb3 18. axb3 b6 19. b4 Nc6 20. Nxc6 Rxc6 21. bxa5 bxa5 22. Nb3 Rfc8 23. f3 h6 24. Rxa5 Rb8 25. Nc5 Rd6 26. Rd2 Rdb6 27. b4 Rd6 28. b5 Rdb6 29. Rb2 Kf8 30. Na4 R6b7 31. b6 Ke7 32. Rab5 Ra8 33. Nc5 Rbb8 34. b7 Ra7 35. Rb6 Nd7 36. Ra6 1-0

[Event "LTU-ch U16 Girls"]
[Site "Siauliai"]
[Date "2011.03.18"]
[Round "2.4"]
[White "Misiuk, Ivona"]
[Black "Klabyte, Rugile"]
[Result "1/2-1/2"]
[WhiteElo "1631"]
[BlackElo "1492"]
[PlyCount "73"]
[EventDate "2011.03.17"]
[EventType "swiss"]
[EventRounds "7"]
[EventCountry "LTU"]
[SourceTitle "EXT 2024"]
[Source "ChessBase"]
[SourceDate "2023.10.10"]
[SourceVersion "1"]
[SourceVersionDate "2023.10.10"]
[SourceQuality "1"]

1. d4 Nf6 2. Nf3 e6 3. e3 d5 4. Bd3 Bd7 5. Ne5 c5 6. c3 c4 7. Bc2 Bd6 8. f4 Nc6 9. Nd2 Bc7 10. 0-0 0-0 11. Rf3 h6 12. Rh3 Nxe5 13. fxe5 Nh7 14. Qg4 Kh8 15. e4 dxe4 16. Nxe4 f5 17. exf6 Nxf6 18. Qg6 Be8 19. Rxh6+ gxh6 20. Qxh6+ Kg8 21. Nxf6+ Rxf6 22. Qh7+ Kf8 23. Bg5 Bf4 24. Bxf6 Qxf6 25. Qxb7 Rb8 26. Qe4 Bf7 27. g3 Bd6 28. Rf1 Qh6 29. Qf3 Qg7 30. Qc6 Bxg3 31. Qf3 Bd6+ 32. Kh1 Bxh2 33. Kxh2 Qh6+ 34. Kg3 Qg5+ 35. Qg4 Qxg4+ 36. Kxg4 Rxb2 37. Bb1 1/2-1/2

[Event "LTU-ch sf (Women)"]
[Site "Vilnius"]
[Date "2009.02.16"]
[Round "5"]
[White "Misiuk, Ivona"]
[Black "Urbonaviciute, Zivile"]
[Result "1/2-1/2"]
[WhiteElo "1630"]
[BlackElo "1745"]
[PlyCount "95"]
[EventDate "2009.02.13"]
[EventType "swiss"]
[EventRounds "7"]
[EventCountry "LTU"]
[SourceTitle "CBM 128 Extra"]
[Source "ChessBase"]
[SourceDate "2009.03.05"]
[SourceVersion "2"]
[SourceVersionDate "2009.03.25"]
[SourceQuality "1"]

1. d4 d5 2. c4 c6 3. Nc3 Nf6 4. e3 e6 5. Nf3 Nbd7 6. Bd3 dxc4 7. Bxc4 b5 8. Bd3 Bb7 9. e4 a6 10. Bc2 Nb6 11. e5 Nfd5 12. Bg5 Be7 13. Bxe7 Qxe7 14. 0-0 Rc8 15. Ne4 0-0 16. Rc1 Rc7 17. Bb1 Rd8 18. Nd6 Ba8 19. h4 Nc8 20. Bxh7+ Kf8 21. Nxc8 Rdxc8 22. Be4 c5 23. Qd2 cxd4 24. Rxc7 Rxc7 25. Qxd4 Rc4 26. Qd2 Rxe4 27. Qc2 Nb6 28. b3 Bb7 29. Rd1 g6 30. Rd6 Nc8 31. Rd2 Kg7 32. g3 Na7 33. Qd3 Bd5 34. Qc3 Qb4 35. Qd3 Qc5 36. Rc2 Qb6 37. Qc3 Nc6 38. Kh2 Qa5 39. Qb2 Qb6 40. Qc3 Qb8 41. Ng5 Qxe5 42. Nxe4 Bxe4 43. Qxe5+ Nxe5 44. Re2 Nf3+ 45. Kg2 Bd5 46. Kf1 Nd4 47. Rb2 Nc6 48. Ke2 1/2-1/2

[Event "LTU-ch sf (Women)"]
[Site "Vilnius"]
[Date "2009.02.15"]
[Round "4"]
[White "Lepeskaite, Migle"]
[Black "Misiuk, Ivona"]
[Result "0-1"]
[WhiteElo "1819"]
[BlackElo "1630"]
[PlyCount "102"]
[EventDate "2009.02.13"]
[EventType "swiss"]
[EventRounds "7"]
[EventCountry "LTU"]
[SourceTitle "CBM 128 Extra"]
[Source "ChessBase"]
[SourceDate "2009.03.05"]
[SourceVersion "2"]
[SourceVersionDate "2009.03.25"]
[SourceQuality "1"]

1. d4 Nf6 2. Nf3 g6 3. c4 Bg7 4. Nc3 d5 5. Bf4 c5 6. dxc5 Qa5 7. Qb3 0-0 8. e3 Ne4 9. Be5 Nxc3 10. Bxc3 Bxc3+ 11. Qxc3 Qxc3+ 12. bxc3 Be6 13. Nd4 Nd7 14. c6 bxc6 15. Nxc6 dxc4 16. Nxe7+ Kg7 17. Nc6 Bd5 18. Nd4 Rab8 19. f3 Rfe8 20. Kf2 Rb2+ 21. Be2 f5 22. Rhd1 Nf6 23. Rdb1 Reb8 24. Rxb2 Rxb2 25. Ke1 a5 26. a4 Kf7 27. Kd1 Ke7 28. Kc1 Rb7 29. Kc2 Nd7 30. Rd1 Nb6 31. Rb1 Kd6 32. Ra1 Kc5 33. Bf1 Re7 34. Kd2 Bf7 35. g3 Be8 36. Bg2 Nxa4 37. Bh1 Rb7 38. Nc2 Rb2 39. Kc1 Rb3 40. Kd2 Kb6 41. Ra3 Rb1 42. Ne1 Nc5 43. Bg2 Nb3+ 44. Ke2 Rc1 45. Ra2 Rxc3 46. Rb2 Kc5 47. Nc2 Bb5 48. Nd4 a4 49. Nc2 Rd3 50. Ne1 a3 51. Ra2 Nc1+ 0-1

[Event "EU-ch U14 Girls 18th"]
[Site "Herceg Novi"]
[Date "2008.09.24"]
[Round "9"]
[White "Vujnovic, Patricija"]
[Black "Misiuk, Ivona"]
[Result "0-1"]
[WhiteElo "1837"]
[BlackElo "1613"]
[PlyCount "41"]
[EventDate "2008.09.15"]
[EventType "swiss"]
[EventRounds "9"]
[EventCountry "MNE"]
[SourceTitle "CBM 126 Extra"]
[Source "ChessBase"]
[SourceDate "2008.11.05"]
[SourceVersion "1"]
[SourceVersionDate "2008.11.05"]
[SourceQuality "1"]

1. d4 Nf6 2. c4 g6 3. Nc3 d5 4. Nf3 Bg7 5. Bg5 dxc4 6. e4 c5 7. d5 b5 8. e5 b4 9. exf6 exf6 10. Qe2+ Qe7 11. Nb5 Qxe2+ 12. Bxe2 fxg5 13. Nc7+ Kd8 14. Nxa8 Re8 15. Kd1 Bxb2 16. Rb1 c3 17. Bd3 Bb7 18. d6 Bxa8 19. Nxg5 Bd5 20. Bb5 Nd7 21. Bxd7 0-1

[Event "EU-ch U14 Girls 18th"]
[Site "Herceg Novi"]
[Date "2008.09.18"]
[Round "4"]
[White "Tomnikova, Lidia"]
[Black "Misiuk, Ivona"]
[Result "1-0"]
[WhiteElo "1980"]
[BlackElo "1613"]
[PlyCount "69"]
[EventDate "2008.09.15"]
[EventType "swiss"]
[EventRounds "9"]
[EventCountry "MNE"]
[SourceTitle "CBM 126 Extra"]
[Source "ChessBase"]
[SourceDate "2008.11.05"]
[SourceVersion "1"]
[SourceVersionDate "2008.11.05"]
[SourceQuality "1"]

1. e4 c5 2. Nc3 e6 3. g3 d5 4. d3 Nc6 5. f4 Qa5 6. Bd2 d4 7. Nce2 Qb5 8. Rb1 Nf6 9. h3 Be7 10. Bg2 c4 11. Nf3 Bc5 12. b4 cxd3 13. cxd3 Bb6 14. Qb3 Ne7 15. a4 Qd7 16. a5 Bc7 17. Nexd4 Nh5 18. Ne2 Nf6 19. 0-0 b6 20. Rfc1 Ba6 21. b5 Bc8 22. a6 0-0 23. Qc4 Bb8 24. Ned4 Ne8 25. e5 Nc7 26. Bb4 Ncd5 27. Bxe7 Qxe7 28. Nc6 Qd7 29. Bh1 Ne3 30. Qe4 Nd5 31. Nfd4 Bc7 32. Nb4 Nxb4 33. Rxb4 Rb8 34. Rbc4 Bd8 35. Nc6 1-0

[Event "Panevezys op-B"]
[Site "Panevezys"]
[Date "2008.08.18"]
[Round "9.13"]
[White "Dzikia, Aleksandras"]
[Black "Misiuk, Ivona"]
[Result "1-0"]
[WhiteElo "1896"]
[BlackElo "1613"]
[PlyCount "89"]
[EventDate "2008.08.12"]
[EventType "swiss"]
[EventRounds "7"]
[EventCountry "LTU"]
[SourceTitle "EXT 2024"]
[Source "ChessBase"]
[SourceDate "2023.10.10"]
[SourceVersion "1"]
[SourceVersionDate "2023.10.10"]
[SourceQuality "1"]

1. d4 Nf6 2. e3 g6 3. Bd3 Bg7 4. f4 0-0 5. Nf3 d6 6. Nbd2 Nbd7 7. 0-0 Qe8 8. Nc4 b5 9. Na5 a6 10. Bd2 e5 11. dxe5 dxe5 12. fxe5 Nd5 13. Be4 N7b6 14. c4 bxc4 15. Nxc4 Nxc4 16. Bxd5 Nxd2 17. Qxd2 Rb8 18. Ng5 Be6 19. Bxe6 fxe6 20. Rxf8+ Bxf8 21. Rf1 Qe7 22. Ne4 Bh6 23. Nf6+ Kg7 24. Rd1 Bg5 25. Qd7 Bxe3+ 26. Kf1 Qxd7 27. Rxd7+ Kf8 28. Nxh7+ Ke8 29. Nf6+ Kf8 30. Rd3 Rxb2 31. Rxe3 Rxa2 32. Rc3 a5 33. Rxc7 Ra1+ 34. Kf2 Ra2+ 35. Kf3 Ra3+ 36. Kf4 Ra2 37. Kg3 Ra3+ 38. Kh4 Ra2 39. Kh3 a4 40. Ra7 Ra3+ 41. g3 Ra1 42. Kg4 a3 43. Kg5 Rh1 44. Kxg6 Rxh2 45. Rf7# 1-0

[Event "Panevezys op-B"]
[Site "Panevezys"]
[Date "2008.08.16"]
[Round "7"]
[White "Dambrauskaite, Jurgita"]
[Black "Misiuk, Ivona"]
[Result "1/2-1/2"]
[WhiteElo "1831"]
[BlackElo "1613"]
[PlyCount "42"]
[EventDate "2008.08.12"]
[EventType "swiss"]
[EventRounds "7"]
[EventCountry "LTU"]
[SourceTitle "CBM 125 Extra"]
[Source "ChessBase"]
[SourceDate "2008.09.01"]
[SourceVersion "1"]
[SourceVersionDate "2008.09.01"]
[SourceQuality "1"]

1. d4 Nf6 2. c4 g6 3. Nc3 d5 4. Nf3 Bg7 5. Bf4 0-0 6. e3 c5 7. dxc5 Qa5 8. Nd2 Qxc5 9. Rc1 Nc6 10. Be2 Bf5 11. Nb3 Qb6 12. c5 Qd8 13. 0-0 e5 14. Bg5 d4 15. exd4 exd4 16. Nb5 h6 17. Bh4 g5 18. Bg3 Ne4 19. Bd6 Nxd6 20. Nxd6 Qd7 21. Bd3 Be6 1/2-1/2

[Event "Panevezys op-B"]
[Site "Panevezys"]
[Date "2008.08.15"]
[Round "6"]
[White "Andriulevicius, Kestutis"]
[Black "Misiuk, Ivona"]
[Result "1-0"]
[WhiteElo "1699"]
[BlackElo "1613"]
[PlyCount "77"]
[EventDate "2008.08.12"]
[EventType "swiss"]
[EventRounds "7"]
[EventCountry "LTU"]
[SourceTitle "CBM 125 Extra"]
[Source "ChessBase"]
[SourceDate "2008.09.01"]
[SourceVersion "1"]
[SourceVersionDate "2008.09.01"]
[SourceQuality "1"]

1. e4 c5 2. Nf3 e6 3. d4 cxd4 4. Nxd4 Qb6 5. Nc3 Bc5 6. Na4 Qa5+ 7. c3 Bxd4 8. Qxd4 e5 9. Qc4 Nc6 10. Qb5 Qc7 11. Be3 Nf6 12. Bd3 0-0 13. 0-0 h6 14. Rac1 Rd8 15. b4 d5 16. f3 Be6 17. Nc5 Bc8 18. Bb1 b6 19. Nb3 Bb7 20. Qe2 Qe7 21. exd5 Nxd5 22. Qd3 Nf6 23. Qc2 Rac8 24. Qf5 Rc7 25. a3 Rcd7 26. Qc2 Ba6 27. c4 Nd4 28. Qb2 Qe6 29. b5 Bb7 30. Rfe1 Nxb3 31. Qxb3 Rd6 32. Qb2 e4 33. c5 bxc5 34. Bxc5 Rd2 35. Qb4 Qd5 36. fxe4 Qg5 37. Bf2 Bxe4 38. Bxe4 Nxe4 39. Qxe4 1-0

[Event "LTU-ch sf (Women)"]
[Site "Vilnius"]
[Date "2008.01.31"]
[Round "5"]
[White "Misiuk, Ivona"]
[Black "Navickaite, Sandra"]
[Result "0-1"]
[WhiteElo "1613"]
[BlackElo "1701"]
[PlyCount "48"]
[EventDate "2008.01.28"]
[EventType "swiss"]
[EventRounds "7"]
[EventCountry "LTU"]
[SourceTitle "EXT 2010"]
[Source "ChessBase"]
[SourceDate "2010.11.25"]
[SourceVersion "1"]
[SourceVersionDate "2010.11.25"]
[SourceQuality "1"]

1. d4 Nf6 2. c4 g6 3. Nc3 Bg7 4. e4 d6 5. f3 0-0 6. Be3 e5 7. d5 Ne8 8. Qd2 f5 9. Bh6 Qh4+ 10. g3 Qxh6 11. Qc2 fxe4 12. fxe4 Qe3+ 13. Qe2 Qxe2+ 14. Bxe2 a6 15. Nf3 Nf6 16. 0-0-0 Nbd7 17. b4 Ng4 18. Rdf1 Ne3 19. Re1 Bh6 20. Kb2 Nb6 21. c5 Nbc4+ 22. Kb3 Rxf3 23. Bxc4 Nxc4 24. Kxc4 Bd2 0-1

[Event "LTU-ch sf (Women)"]
[Site "Vilnius"]
[Date "2008.01.29"]
[Round "3"]
[White "Misiuk, Ivona"]
[Black "Juciute, Henrieta"]
[Result "0-1"]
[WhiteElo "1613"]
[BlackElo "1910"]
[PlyCount "96"]
[EventDate "2008.01.28"]
[EventType "swiss"]
[EventRounds "7"]
[EventCountry "LTU"]
[SourceTitle "EXT 2010"]
[Source "ChessBase"]
[SourceDate "2010.11.25"]
[SourceVersion "1"]
[SourceVersionDate "2010.11.25"]
[SourceQuality "1"]

1. d4 g6 2. c4 Bg7 3. Nc3 c5 4. e3 Nc6 5. Nf3 d6 6. h3 f5 7. dxc5 Bxc3+ 8. bxc3 dxc5 9. Qxd8+ Nxd8 10. Ne5 Nf6 11. Bd3 Nf7 12. Nxf7 Kxf7 13. f3 e5 14. e4 Rd8 15. Ke2 f4 16. Bd2 Nh5 17. Be1 Be6 18. Bf2 b6 19. a4 Ng7 20. a5 Ne8 21. axb6 axb6 22. Rhb1 Rxa1 23. Rxa1 Rd7 24. h4 Nd6 25. Ra4 h6 26. g3 g5 27. g4 Nc8 28. Ra2 Ra7 29. Rb2 Ra4 30. h5 Bxc4 31. Bxc4+ Rxc4 32. Kd3 Ra4 33. Be1 c4+ 34. Kd2 Ra7 35. Bf2 Rb7 36. Rb5 Ke6 37. Bc5 Rd7+ 38. Ke2 bxc5 39. Rxc5 Nd6 40. Ra5 Rb7 41. Ra8 Rb2+ 42. Ke1 Rc2 43. Rh8 Nf7 44. Rc8 Rxc3 45. Ke2 Rc2+ 46. Ke1 c3 47. Rc7 Rc1+ 48. Ke2 c2 0-1